Normal view MARC view
  • Akram, Muhammad Zeeshan

Entry Personal Name

Number of records used in: 1

001 - CONTROL NUMBER

  • control field: 120062

003 - CONTROL NUMBER IDENTIFIER

  • control field: NUST

005 - DATE AND TIME OF LATEST TRANSACTION

  • control field: 20240123160055.0

008 - FIXED-LENGTH DATA ELEMENTS

  • fixed length control field: 240123|| aca||aabn | a|a d

040 ## - CATALOGING SOURCE

  • Original cataloging agency: NUST
  • Transcribing agency: NUST

100 ## - HEADING--PERSONAL NAME

  • Personal name: Akram, Muhammad Zeeshan

670 ## - SOURCE DATA FOUND

  • Source citation: Work cat.: (NUST): Akram, Muhammad Zeeshan, EXPLOITATION OF SECURITY RISKS IN SOLAR INVERTERS THROUGH REMOTE NETWORK ACCESS/
© 2023 Central Library, National University of Sciences and Technology. All Rights Reserved.